Visible light induced photocatalysis by nanocomposites / (Record no. 165097)

MARC details
000 -LEADER
fixed length control field 00565nam a2200181 4500
005 - DATE AND TIME OF LATEST TRANSACTION
control field 20190607130608.0
010 ## - LCCN (DPL NO)
LC control number ENG-125503
020 ## - INTERNATIONAL STANDARD BOOK NUMBER
International Standard Book Number 9789387865129
Terms of availability 750.00
035 ## - SYSTEM CONTROL NUMBER
System control number EN-109035
037 ## - SOURCE OF ACQUISITION
Source of stock number/acquisition DBAD/PUB
082 ## - DEWEY DECIMAL CLASSIFICATION NUMBER
Classification number 535
100 ## - MAIN ENTRY--PERSONAL NAME
Personal name Suganthi. A.
245 ## - TITLE STATEMENT
Title Visible light induced photocatalysis by nanocomposites /
Statement of responsibility, etc by A. Suganthi
260 ## - PUBLICATION, DISTRIBUTION, ETC. (IMPRINT)
Place of publication, distribution, etc Chennai
Name of publisher, distributor, etc Forschung Publications
Date of publication, distribution, etc 2019
270 ## - ADDRESS
Address Mogappair
City Chennai
Postal code 9626166683
Electronic mail address forschungpublications@gmail.com
300 ## - PHYSICAL DESCRIPTION
Extent 135p.
Dimensions 24cm(pbk)
942 ## - ADDED ENTRY ELEMENTS (KOHA)
Source of classification or shelving scheme Dewey Decimal Classification
Item type English Books
Classification part 535
Call number suffix SUG
Holdings
Withdrawn status Lost status Not for loan Collection code Home library Current library Date acquired Source of acquisition Cost, normal purchase price Full call number Barcode Copy number Cost, replacement price Koha item type
      Non-fiction Central Library Central Library 07/06/2019 DBAD/PUB 750.00 535 SUG EN-109035 1 750.00 English Books

© Delhi Public Library
Hit Counter
free hit counter